000 00520nam a2200169 a 4500
005 20140412111309.0
008 020412s19uu xx 00 eng d
020 _a1-896298-00-1
050 _aER
_bTh32 1994
100 _aDeveau, Denise
245 _aThe three musketeers. /
_cadapted by Denise Deveau; illustrated by Dan Nosella.
260 _aDon Mills, Ontario :
_bTribute Publishing Inc,
_c1994.
300 _a32 p.
440 _aThe Pagemaster Classic Series
650 _aAdventures
_xFiction
999 _c103859
_d103859